[Event "Romania blitz online op final"]
[Site "Chess.com INT"]
[Date "2020.05.06"]
[Round "5"]
[White "Tecu, Ion"]
[Black "Radulescu, Andrei"]
[Result "0-1"]
[WhiteElo "1936"]
[BlackElo "1863"]
[PlyCount "98"]
[EventDate "2020.05.06"]
[EventType "swiss (blitz)"]
[EventRounds "9"]
[EventCountry "ROU"]
[SourceTitle "CBM 196 Extra"]
[Source "ChessBase"]
[SourceDate "2020.07.31"]
[SourceVersion "1"]
[SourceVersionDate "2020.07.31"]
[SourceQuality "1"]

1. e4 c5 2. Nf3 Nc6 3. d4 cxd4 4. Nxd4 e5 5. Nb5 d6 6. c4 Nf6 7. Bg5 Be7 8. N5c3 0-0 9. Be2 Be6 10. 0-0 Nd7 11. Bxe7 Qxe7 12. Nd5 Bxd5 13. cxd5 Nd4 14. Na3 f5 15. f3 fxe4 16. fxe4 Rxf1+ 17. Bxf1 Rf8 18. Qd2 Qh4 19. Re1 Nf6 20. Nb5 Nxb5 21. Bxb5 Nxe4 22. Qe3 Nf6 23. Rf1 a6 24. Ba4 Rc8 25. Bb3 Qe4 26. Qh3 Re8 27. Qg3 Kh8 28. h3 Qd4+ 29. Kh1 e4 30. Rd1 Qxb2 31. Qxd6 e3 32. Bc4 e2 33. Re1 b6 34. Qf4 b5 35. Bxe2 Rxe2 36. Rxe2 Qxe2 37. d6 Qe8 38. Qd4 Qd7 39. Qb6 Ne8 40. Qxa6 Nxd6 41. a4 bxa4 42. Qa8+ Ne8 43. Kh2 h6 44. g4 Kh7 45. Kg3 g6 46. h4 Nf6 47. g5 hxg5 48. hxg5 Qd6+ 49. Kg2 Qd5+ 0-1